Revolutionize assessment : (Record no. 137552)

MARC details
000 -LEADER
fixed length control field 00720nam a22002177a 4500
005 - DATE AND TIME OF LATEST TRANSACTION
control field 20170213142229.0
010 ## - LCCN (DPL NO)
LC control number ENG-117226
020 ## - INTERNATIONAL STANDARD BOOK NUMBER
International Standard Book Number 9789386062338
Terms of availability 425.00
035 ## - SYSTEM CONTROL NUMBER
System control number EN-100758
037 ## - SOURCE OF ACQUISITION
Source of stock number/acquisition DBAD/PUB
082 00 - DEWEY DECIMAL CLASSIFICATION NUMBER
Classification number 371.26
100 ## - MAIN ENTRY--PERSONAL NAME
Personal name Sullivan,Susan
245 ## - TITLE STATEMENT
Title Revolutionize assessment :
Statement of responsibility, etc by Rick Stigging ;foreword by Michael Fullan
Remainder of title empower students,inspire learning /
250 ## - EDITION STATEMENT
Edition statement 4th ed.
260 ## - PUBLICATION, DISTRIBUTION, ETC. (IMPRINT)
Place of publication, distribution, etc New Delhi
Name of publisher, distributor, etc SAGE Publications
Date of publication, distribution, etc 2016
270 ## - ADDRESS
Address B1/I-1 Mohan Cooperative Industrial Area, Mathura Road
City New Delhi
Postal code 110044
300 ## - PHYSICAL DESCRIPTION
Extent xiv,95p.
Dimensions 22cm(pbk)
500 ## - GENERAL NOTE
General note Includes reference and index
700 ## - ADDED ENTRY--PERSONAL NAME
Personal name Fullan,Michael
942 ## - ADDED ENTRY ELEMENTS (KOHA)
Source of classification or shelving scheme Dewey Decimal Classification
Item type English Books
Classification part 371.26
Call number suffix STI
Holdings
Withdrawn status Lost status Not for loan Collection code Home library Current library Date acquired Source of acquisition Cost, normal purchase price Full call number Barcode Copy number Cost, replacement price Koha item type
    Not For Loan Non-fiction D.B.Act.Division Bawana 13/02/2017 DBAD/PUB 425.00 371.26 STI EN-100758 1 425.00 English Books

© Delhi Public Library
Hit Counter
free hit counter